000
00293nam a22001337a 4500
008
181008b xxu||||| |||| 00| 0 eng d
020
_a
0683002112
041
_a
eng
080
_a
611
100
_a
6
101
_a
ANA
245
_a
Grant's Atlas of Anatomy
_c
Anderson, J.E
942
_2
udc
_c
BK
999
_c
49082
_d
49082